Rap Français feat internationaux - Statistiques

Statistiques générales
  • Ce quiz a été pris 96 fois
  • Le résultat moyen est 4 sur 20
Statistiques - réponses
Rappeurs Fr Rappeurs Inter Nom du morceau % Correct
Freeze Corleone Central Cee Polémique
79%
Kaaris Future Crystal
68%
Lacrim Lil Durk On fait pas ça
49%
Bu$hi Quavo What we doing ?!
28%
Booba Sfera Ebasta Téléphone
23%
SCH Morad Madre Mia
19%
Ashe22 Baby Gang Caracas
12%
Dosseh Young Thug Milliers d'euros
10%
Sadek Meek Mill Pay Me
10%
Suprême NTM Nas Affirmative Action
9%
Psy 4 de la rime Nate Dogg A l’ancienne
9%
Ateyaba Pusha T Black Card
9%
Niska Luciano Blue Porsche
9%
Youv Dee Trippie Redd Bust Down Deux
9%
Mister You 3robi Casanostra
9%
Gradur Chief Keef Bang Bang
7%
Sofiane Tedua Fashion Week Rmx
6%
Rohff Guè Mortier
4%
Jazzy Bazz Freddie Gibbs Lay Back
2%
Wit Madd Reset
2%
Aucun quiz correspondant
Distribution des résultats
% des personnes avec chaque résultat
Percentile par nombre de réponses
Votre historique - résultats
Vous n’avez pas pris ce quiz